[Event "GER-chT U20"]
[Site "Magdeburg"]
[Date "2023.12.27"]
[Round "1.4"]
[White "Frank, Marian"]
[Black "Scheifel, Maximilian"]
[Result "1-0"]
[WhiteElo "1503"]
[BlackElo "1760"]
[PlyCount "165"]
[EventDate "2023.12.26"]
[EventType "team-swiss"]
[EventRounds "7"]
[EventCountry "GER"]
[SourceTitle "CB03_2024"]
[SourceDate "2024.01.17"]
[SourceVersion "1"]
[SourceVersionDate "2024.01.17"]
[SourceQuality "1"]
[WhiteTeam "Gera"]
[BlackTeam "Karlsruhe SF"]
[WhiteTeamCountry "GER"]
[BlackTeamCountry "GER"]

1. d4 d5 2. Nf3 Nf6 3. c4 e6 4. Nc3 dxc4 5. e3 a6 6. a4 c5 7. Bxc4 Nc6 8. 0-0 Be7 9. Re1 0-0 10. b3 Qc7 11. Qe2 Rd8 12. Bb2 b6 13. Rac1 Bb7 14. Red1 h6 15. Rc2 Nb4 16. Rcd2 Ne4 17. Nxe4 Bxe4 18. Bc3 Nd5 19. Bb2 Qb7 20. Ne5 Nf6 21. f3 Bd5 22. Ba3 b5 23. Bxd5 Rxd5 24. e4 Rxd4 25. Rxd4 cxd4 26. Bxe7 Qxe7 27. axb5 Qc5 28. Nd3 Qxb5 29. Qb2 e5 30. Qa3 Rc8 31. Qa4 Nd7 32. Qxb5 axb5 33. Rc1 Rxc1+ 34. Nxc1 Nc5 35. Kf2 Kf8 36. b4 Na4 37. Nd3 f6 38. Kg3 Nc3 39. Kg4 Kf7 40. h4 Ne2 41. g3 g6 42. f4 Ke6 43. Kf3 Nc3 44. g4 Nb1 45. f5+ Kf7 46. Ke2 Nc3+ 47. Kf3 Na2 48. h5 gxf5 49. gxf5 Ke7 50. Ke2 Nc3+ 51. Kf3 Kd6 52. Nf2 Na2 53. Nd3 Nxb4 54. Nxb4 Kc5 55. Nd5 Kc4 56. Nxf6 b4 57. Nd7 b3 58. f6 b2 59. f7 b1Q 60. f8Q Qd3+ 61. Kf2 Qe3+ 62. Kg2 Qxe4+ 63. Qf3 Qc2+ 64. Kg3 e4 65. Qf7+ Kc3 66. Ne5 Kb2 67. Qb7+ Kc1 68. Kf4 d3 69. Qxe4 Qh2+ 70. Kg4 Qg1+ 71. Kf5 Qg5+ 72. Ke6 Qg8+ 73. Kd6 Qb8+ 74. Kc5 Qa7+ 75. Kc4 Qa6+ 76. Kd4 Qd6+ 77. Ke3 d2 78. Nd3+ Qxd3+ 79. Qxd3 d1Q 80. Qxd1+ Kxd1 81. Kf4 Kd2 82. Kf5 Ke3 83. Kg6 1-0

[Event "GER-chT U20"]
[Site "Muenster"]
[Date "2022.12.29"]
[Round "6"]
[White "Koleber, Ksenia Alexandra"]
[Black "Frank, Marian"]
[Result "0-1"]
[WhiteElo "1403"]
[BlackElo "1438"]
[PlyCount "62"]
[EventDate "2022.12.26"]
[EventType "team-swiss"]
[EventRounds "7"]
[EventCountry "GER"]
[SourceTitle "CBM 212 Extra"]
[Source "ChessBase"]
[SourceDate "2023.03.31"]
[SourceVersion "1"]
[SourceVersionDate "2023.03.31"]
[SourceQuality "1"]
[WhiteTeam "Biebertal"]
[BlackTeam "Gera"]
[WhiteTeamCountry "GER"]
[BlackTeamCountry "GER"]

1. e4 e5 2. Bc4 Bc5 3. Nc3 Nc6 4. d3 d6 5. Na4 Bb6 6. Nxb6 axb6 7. a3 Be6 8. Bxe6 fxe6 9. Qh5+ g6 10. Qd1 d5 11. exd5 exd5 12. Nf3 h6 13. Qe2 Qf6 14. Bd2 0-0-0 15. 0-0-0 g5 16. Rhe1 Re8 17. Bc3 d4 18. Nxd4 Nge7 19. Nxc6 Nxc6 20. Qg4+ Kb8 21. Qg3 Rhf8 22. f3 Re6 23. Re4 Nd4 24. Rde1 Nf5 25. Qg4 Rfe8 26. Bd2 Rc6 27. d4 Rd8 28. dxe5 Qe6 29. b3 Qxb3 30. Rc4 Rxc4 31. Qxf5 Qxa3+ 0-1

[Event "GER-chT U20"]
[Site "Muenster"]
[Date "2022.12.27"]
[Round "1"]
[White "Frank, Marian"]
[Black "Dornieden, Jonas"]
[Result "0-1"]
[WhiteElo "1438"]
[BlackElo "2073"]
[PlyCount "72"]
[EventDate "2022.12.26"]
[EventType "team-swiss"]
[EventRounds "7"]
[EventCountry "GER"]
[SourceTitle "CBM 212 Extra"]
[Source "ChessBase"]
[SourceDate "2023.03.31"]
[SourceVersion "1"]
[SourceVersionDate "2023.03.31"]
[SourceQuality "1"]
[WhiteTeam "Gera"]
[BlackTeam "Lehrte"]
[WhiteTeamCountry "GER"]
[BlackTeamCountry "GER"]

1. d4 d5 2. Nf3 Nf6 3. c4 e6 4. e3 a6 5. Nc3 Nbd7 6. b3 b6 7. Bb2 Bb7 8. Be2 Bd6 9. 0-0 0-0 10. Rc1 dxc4 11. bxc4 c5 12. Qb3 Re8 13. Rfd1 Qc7 14. h3 cxd4 15. exd4 Nh5 16. Na4 Nf4 17. Bf1 Qb8 18. Qc3 Bf8 19. Rb1 Bc6 20. Qb3 b5 21. Bc1 Nxh3+ 22. gxh3 bxa4 23. Qd3 Qc7 24. Bg2 h6 25. Be3 Bd6 26. Kh1 Bf4 27. Rg1 Kh8 28. Bxf4 Qxf4 29. Nd2 Bxg2+ 30. Rxg2 e5 31. Rg4 Qf6 32. Rbg1 g6 33. Ne4 Qb6 34. c5 Qb5 35. Qxb5 axb5 36. Nd6 Re7 0-1

[Event "DSOL 02 Liga Gr-C 1st"]
[Site "Playchess.com INT"]
[Date "2020.07.20"]
[Round "2.4"]
[White "Frank, Marian"]
[Black "Weischenberg, Juergen"]
[Result "0-1"]
[WhiteElo "1642"]
[BlackElo "1833"]
[PlyCount "84"]
[EventDate "2020.06.22"]
[EventType "team-tourn (rapid)"]
[EventCountry "GER"]
[SourceTitle "EXT 2021"]
[Source "ChessBase"]
[SourceDate "2020.10.23"]
[SourceVersion "1"]
[SourceVersionDate "2020.10.23"]
[SourceQuality "1"]
[WhiteTeam "Gera"]
[BlackTeam "Brand SF"]
[WhiteTeamCountry "GER"]
[BlackTeamCountry "GER"]

1. d4 d5 2. Nf3 Nf6 3. c4 e6 4. e3 Be7 5. Nc3 0-0 6. b3 c5 7. Bb2 b6 8. Be2 Bb7 9. 0-0 Nc6 10. Rc1 Rc8 11. a3 dxc4 12. Bxc4 cxd4 13. Nxd4 Nxd4 14. Qxd4 Qxd4 15. exd4 Rfd8 16. Rfd1 a6 17. a4 h6 18. Ne2 Nd5 19. Ng3 Nb4 20. Rc3 Bf6 21. Ne2 Nc6 22. Re3 Na5 23. Rc1 Nc6 24. Rd1 Nb4 25. Nf4 Bg5 26. Rxe6 fxe6 27. Nxe6 Rxc4 28. Nxd8 Rc7 29. Ne6 Rd7 30. Bc3 Nd5 31. Bb2 Bf6 32. Re1 Kf7 33. Ba3 Be7 34. Bc1 Bb4 35. Re2 Nc3 36. Re5 Bd6 37. Re3 Nd5 38. Re2 Kf6 39. g3 Re7 40. Nf4 Nxf4 41. Rxe7 Nh3+ 42. Kf1 Kxe7 0-1

[Event "GER-chT U16"]
[Site "Magdeburg"]
[Date "2019.12.27"]
[Round "1.7"]
[White "Frank, Marian"]
[Black "Glinzner, Alva"]
[Result "0-1"]
[WhiteElo "1286"]
[BlackElo "1812"]
[PlyCount "90"]
[EventDate "2019.12.27"]
[EventType "team-swiss"]
[EventRounds "7"]
[EventCountry "GER"]
[SourceTitle "CBM 194 Extra"]
[Source "ChessBase"]
[SourceDate "2020.03.31"]
[SourceVersion "1"]
[SourceVersionDate "2020.03.31"]
[SourceQuality "1"]
[WhiteTeam "Gera"]
[BlackTeam "Luebeck"]
[WhiteTeamCountry "GER"]
[BlackTeamCountry "GER"]

1. d4 Nf6 2. Nf3 e6 3. c4 d5 4. e3 Be7 5. Nc3 c6 6. Bd3 Nbd7 7. 0-0 0-0 8. b3 Re8 9. Bb2 Bd6 10. Rc1 e5 11. dxe5 Nxe5 12. Rc2 dxc4 13. Bxc4 Nxc4 14. bxc4 Qe7 15. Rd2 Bc7 16. Qb3 Ng4 17. h3 Ne5 18. Nd4 Qc5 19. Nce2 Qxc4 20. Rc1 Qxb3 21. axb3 Bb6 22. b4 Bd7 23. Nb5 cxb5 24. Bxe5 Bxh3 25. gxh3 Rxe5 26. Rd7 Rb8 27. Kh2 Kf8 28. Nc3 Ke8 29. Rcd1 Bd8 30. R1d3 a6 31. Kg3 Re6 32. f4 Be7 33. Na2 Rxe3+ 34. Kg4 Rxd3 35. Rxd3 Rc8 36. Re3 Rc4 37. Nc3 Kf8 38. Nd5 Bxb4 39. Nb6 Rd4 40. Kf5 Bc5 41. Na8 g6+ 42. Kg4 b4 43. Re1 Rd3 44. Kg5 Be7+ 45. Kg4 h5# 0-1

[Event "GER-ch U10"]
[Site "Willingen"]
[Date "2016.05.21"]
[Round "11.25"]
[White "Frank, Marian"]
[Black "Amrhein, Dennis"]
[Result "1/2-1/2"]
[WhiteElo "1101"]
[BlackElo "1132"]
[PlyCount "78"]
[EventDate "2016.05.15"]
[EventType "swiss"]
[EventRounds "11"]
[EventCountry "GER"]
[SourceTitle "CBM 172 Extra"]
[Source "ChessBase"]
[SourceDate "2016.06.21"]
[SourceVersion "1"]
[SourceVersionDate "2016.06.21"]
[SourceQuality "1"]

1. e4 d5 2. exd5 Qxd5 3. Nc3 Qa5 4. d4 c6 5. Bd2 Nf6 6. Bc4 Qc7 7. Nf3 Bg4 8. h3 Bxf3 9. Qxf3 e6 10. 0-0-0 b5 11. Nxb5 Qb6 12. Be2 Be7 13. Bf4 0-0 14. Nc7 Nbd7 15. Nxa8 Rxa8 16. Rhe1 Nd5 17. Be5 Nxe5 18. dxe5 Rb8 19. Qb3 Qc7 20. Qc4 Qxe5 21. Qd4 Bg5+ 22. Kb1 Qc7 23. a3 Bf6 24. Qc4 Nc3+ 25. Kc1 Nxd1 26. Kxd1 Rxb2 27. Bf3 Rb1+ 28. Ke2 Qe5+ 29. Be4 Rb6 30. Kf1 Qb5 31. Qxb5 cxb5 32. Rd1 h6 33. c3 Kf8 34. Rb1 Bxc3 35. Rc1 Bb2 36. Rc8+ Ke7 37. Rc7+ Kf6 38. Rxa7 Ke5 39. Bd3 Kd4 1/2-1/2

[Event "GER-ch U10"]
[Site "Willingen"]
[Date "2016.05.20"]
[Round "10.21"]
[White "Boehm, Karl"]
[Black "Frank, Marian"]
[Result "1-0"]
[WhiteElo "1341"]
[BlackElo "1101"]
[PlyCount "49"]
[EventDate "2016.05.15"]
[EventType "swiss"]
[EventRounds "11"]
[EventCountry "GER"]
[SourceTitle "CBM 172 Extra"]
[Source "ChessBase"]
[SourceDate "2016.06.21"]
[SourceVersion "1"]
[SourceVersionDate "2016.06.21"]
[SourceQuality "1"]

1. e4 e5 2. Nf3 Nc6 3. Bc4 Bc5 4. Nc3 Nf6 5. d3 h6 6. Be3 Bb6 7. 0-0 0-0 8. Qd2 Ng4 9. h3 Nxe3 10. fxe3 d6 11. Nd5 Bd7 12. Rf2 Ne7 13. Nxb6 axb6 14. Raf1 Bc6 15. Nh4 d5 16. exd5 Nxd5 17. Bxd5 Bxd5 18. Nf5 Kh7 19. e4 Be6 20. a3 Qd7 21. Nxh6 gxh6 22. Rf6 Qd4+ 23. Kh1 Rh8 24. Rxh6+ Kg7 25. Qg5+ 1-0